000 00941 a2200229 4500
001 53124
005 20260407155805.0
008 260407a2000 arg spa d
003 AR-UNSa-BCEJYS
040 _aAR-UNSa-BCEJYS
_bspa
_cAR-UNSa-BCEJYS
080 _a519.83
_xTeoría de juegos
245 1 0 _aEconomía y juegos
020 _a84-85855-88-4
264 1 _aBarcelona :
_bAntoni Bosch
_c2000
300 _axiv, 283 p.
_c23 cm.
505 _a1. Marco teórico - 2. Conceptos básicos de solución - 3. Aplicaciones I - 4. Refinamientos del equilibrio de Nash - 5. Aplicaciones II - 6. Información incompleta - 7. Aplicaciones III - 8. Cooperación y reputación con interacción repetida - 9. Aplicaciones IV
041 _aspa
942 _cBK
590 _aniveau_biblio:m niveau_hierar:0
100 1 _aVega Redondo, Fernando
856 4 1 _uhttps://biblioeco.unsa.edu.ar/pmb/images/libros/L128529.jpg
_yImagen de portada
_qimage/jpeg
999 _c5106
_d5106